International Human Resources Development : Learning , Education and Training for Individuals and Organizations. (Record no. 2157)

MARC details
005 - DATE AND TIME OF LATEST TRANSACTION
control field 20250508085531.0
020 ## - INTERNATIONAL STANDARD BOOK NUMBER
International Standard Book Number 978 0 7494 6106 5
082 ## - DEWEY DECIMAL CLASSIFICATION NUMBER
Classification number 658 312 WIL
245 ## - TITLE STATEMENT
Title International Human Resources Development : Learning , Education and Training for Individuals and Organizations.
250 ## - EDITION STATEMENT
Edition statement 3rd Ed
260 ## - PUBLICATION, DISTRIBUTION, ETC.
Place of publication, distribution, etc. London,
Name of publisher, distributor, etc. KoganPage,
Date of publication, distribution, etc. 2012.
300 ## - PHYSICAL DESCRIPTION
Extent Xxix, 502p.: ill.; figure, table
Other physical details Index
Dimensions 25cm,
700 ## - ADDED ENTRY--PERSONAL NAME
Other authors/Editors WILSON, J.
856 ## - ELECTRONIC LOCATION AND ACCESS
Link text Access Online Book
Electronic name Human Resources
Path www.koganpage.com
942 ## - ADDED ENTRY ELEMENTS (KOHA)
Source of classification or shelving scheme Dewey Decimal Classification
Koha item type Books
Holdings
Date last seen Total checkouts Full call number Barcode Cost, replacement price Price effective from Koha item type Lost status Source of classification or shelving scheme Damaged status Not for loan Withdrawn status Home library Current library Shelving location Date acquired Cost, normal purchase price
05/08/2025   658 312 WIL 0000008382 369600.00 05/08/2025 Books   Dewey Decimal Classification       College of Business Education Main Library College of Business Education Main Library General Collection 05/08/2016 123200.00
05/08/2025   658 312 WIL 0000008383 369600.00 05/08/2025 Books   Dewey Decimal Classification       College of Business Education Main Library College of Business Education Main Library General Collection 05/08/2016 123200.00
05/08/2025   658 312 WIL 0000008384 369600.00 05/08/2025 Books   Dewey Decimal Classification       College of Business Education Main Library College of Business Education Main Library General Collection 05/08/2016 123200.00